000 00505cam a22002051 4500
001 sa 66008077
003 DLC
005 20260227112310.0
008 890514r1964uuuuio 000 0 dut
010 _asa 66008077
035 _a(OCoLC)23396551
040 _aDLC
_cMiU
_dDLC
042 _apremarc
050 0 0 _aPL5089.J8
_bB4 1964
100 1 _aYunus, Mahmud,
_d1899-1982.
245 1 0 _aBeberapa kissah.
250 _aTjet. 7.
260 _aDjakarta,
_bal-Hidajah,
_c1964.
300 _a32 p.
_c18 cm.
999 _c71632
_d71632